1924 Winter Olympics medal table - Statistics

General Stats
  • This quiz has been taken 32 times
  • The average score is 9 of 10
Answer Stats
Rank Gold Silver Bronze Total Answer % Correct
5 1 2 1 4 United States
100%
2 4 4 3 11 Finland
93%
1 4 7 6 17 Norway
93%
7 1 1 0 2 Sweden
93%
8 1 0 0 1 Canada
90%
9 0 0 3 3 France
90%
6 1 1 2 4 Great Britain
90%
3 2 1 0 3 Austria
87%
4 2 0 1 3 Switzerland
87%
10 0 0 1 1 Belgium
67%
No matching quizzes found
Score Distribution
Percent of People with Each Score
Percentile by Number Answered
Your Score History
You have not taken this quiz